12 little things every Filipino can do to help our country / (Record no. 291606)
[ view plain ]
| 000 -LEADER | |
|---|---|
| fixed length control field | 00716nam a2200253Ia 4500 |
| 008 - FIXED-LENGTH DATA ELEMENTS--GENERAL INFORMATION | |
| fixed length control field | 160319s9999 xx 000 0 und d |
| 020 ## - INTERNATIONAL STANDARD BOOK NUMBER | |
| International Standard Book Number | 971-93357-0-X |
| 050 ## - LIBRARY OF CONGRESS CALL NUMBER | |
| Classification number | FIL BJ 1581.2 |
| 050 ## - LIBRARY OF CONGRESS CALL NUMBER | |
| Item number | .L33 2005 |
| 100 ## - MAIN ENTRY--PERSONAL NAME | |
| Personal name | Lacson, Alexander L. |
| 245 ## - TITLE STATEMENT | |
| Title | 12 little things every Filipino can do to help our country / |
| 245 ## - TITLE STATEMENT | |
| Statement of responsibility, etc | Alexander L. Lacson. |
| 260 ## - PUBLICATION, DISTRIBUTION, ETC. (IMPRINT) | |
| Place of publication, distribution, etc | Quezon City: |
| 260 ## - PUBLICATION, DISTRIBUTION, ETC. (IMPRINT) | |
| Name of publisher, distributor, etc | Alay Pinoy Pub. House, |
| 260 ## - PUBLICATION, DISTRIBUTION, ETC. (IMPRINT) | |
| Date of publication, distribution, etc | 2005 |
| 300 ## - PHYSICAL DESCRIPTION | |
| Extent | 105 pages : |
| 300 ## - PHYSICAL DESCRIPTION | |
| Other physical details | illustrations ; |
| 300 ## - PHYSICAL DESCRIPTION | |
| Dimensions | 18 cm. |
| 650 ## - SUBJECT ADDED ENTRY--TOPICAL TERM | |
| Topical term or geographic name as entry element | Conduct of life. |
| 650 ## - SUBJECT ADDED ENTRY--TOPICAL TERM | |
| Topical term or geographic name as entry element | Nationalism -- Philippines. |
| 650 ## - SUBJECT ADDED ENTRY--TOPICAL TERM | |
| Topical term or geographic name as entry element | Social values -- Philippines. |
| 650 ## - SUBJECT ADDED ENTRY--TOPICAL TERM | |
| General subdivision | Filipinos -- Conduct of life. |
| 650 ## - SUBJECT ADDED ENTRY--TOPICAL TERM | |
| General subdivision | Patriotism. |
| Withdrawn status | Lost status | Damaged status | Home library | Current library | Shelving location | Date acquired | Total Checkouts | Full call number | Barcode | Date last seen | Price effective from | Koha item type |
|---|---|---|---|---|---|---|---|---|---|---|---|---|
| South Mansfield College | South Mansfield College | Filipiniana Section | 04/04/2011 | FIL BJ 1581.2 .L33 2005 | SMC05577 | 03/19/2016 | 03/19/2016 |